Normal view
MARC view
- U. Kalpagam
Entry Personal Name
001 - CONTROL NUMBER
- control field: 9158
003 - CONTROL NUMBER IDENTIFIER
- control field: NUST
005 - DATE AND TIME OF LATEST TRANSACTION
- control field: 20180119201625.0
008 - FIXED-LENGTH DATA ELEMENTS
- fixed length control field: 180119|| aca||aabn | a|a d
040 ## - CATALOGING SOURCE
- Original cataloging agency: NUST
- Transcribing agency: NUST
100 ## - HEADING--PERSONAL NAME
- Personal name: U. Kalpagam
670 ## - SOURCE DATA FOUND
- Source citation: Work cat.: (NUST)320837: U. Kalpagam, Labour and Gender : Survival in Urban India, 1994
